000 00874nam a2200205Ia 4500
001 2599
003 GE_BSU
008 181216s||||||||xx |||||||||||||| ||und||
020 _a9992822619
040 _cGE_BSU
080 _a502(075.8)
245 _aჩვენი სამშოიბლო IV კლასის სახელმძღვანელო გამოც მე–7. იაკობ გოგებაშვილის ,,ბუნების კარის მიხედვით
245 _cშეადგინა გიორგი კვანტალისნმა
260 _aთბილისი
260 _bმერიდიანი
300 _a167 გვ.
541 _h6 ბლ.
653 _aჩვენი სამშოიბლო IV კლასის სახელმძღვანელო
942 _cBK
999 _c36672
_d36672